[Event "TUR-chT Superleague 2018"]
[Site "Ankara"]
[Date "2018.07.29"]
[Round "6"]
[White "Can, Isik"]
[Black "Kilic, Gokturk Kagan"]
[Result "1-0"]
[WhiteElo "2385"]
[BlackElo "1931"]
[Annotator "NA"]
[PlyCount "67"]
[EventDate "2018.07.25"]
[EventType "team-tourn"]
[EventCountry "TUR"]
[SourceTitle "playchess.com"]
[Source "ChessBase"]
[SourceQuality "1"]
[TimeControl "40/5400+30:1800+30"]

1. e4 c5 2. Nf3 d6 {[%emt 0:16:30]} 3. d4 {[%emt 0:00:00]} cxd4 {[%emt 0:00:30]} 4. Nxd4 {[%emt 0:00:00]} Nf6 {[%emt 0:00:30]} 5. Nc3 {[%emt 0:00:30]} g6 {[%emt 0:00:30]} 6. Be3 {[%emt 0:00:30]} Bg7 {[%emt 0:00:30]} 7. f3 {[%emt 0:00:30]} O-O {[%emt 0:00:30]} 8. Bc4 {[%emt 0:00:30]} Nc6 {[%emt 0:00:30]} 9. Qd2 {[%emt 0:00:30]} Nxd4 {[%emt 0:00:30]} 10. Bxd4 {[%emt 0:00:30]} Be6 {[%emt 0:00:30]} 11. Bxe6 {[%emt 0:00:30]} fxe6 {[%emt 0:00:30]} 12. O-O-O {[%emt 0:00:30]} Qa5 {[%emt 0:00:30]} 13. Kb1 {[%emt 0:01:30]} b5 {[%emt 0:08:30]} 14. h4 {[%emt 0:03:30]} b4 {[%emt 0:25:30]} 15. Ne2 {[%emt 0:01:30]} e5 {[%emt 0:07:30]} 16. Be3 {[%emt 0:03:30]} d5 {[%emt 0:05:30]} 17. exd5 {[%emt 0:16:30]} Rfd8 {[%emt 0:17:29]} 18. c4 {[%emt 0:02:30]} Rd6 {[%emt 0:06:20]} 19. Qc2 {[%emt 0:07:30]} e6 {[%emt 0:04:12]} 20. dxe6 {[%emt 0:02:30]} Rxe6 {[%emt 0:00:07]} 21. Ng3 {[%emt 0:01:30]} e4 {[%emt 0:03:22]} 22. f4 {[%emt 0:02:30]} Ng4 {[%emt 0:00:49]} 23. Bd4 {[%emt 0:02:30]} Qc7 {[%emt 0:00:32]} 24. Rhe1 {[%emt 0:14:30]} Qxf4 {[%emt 0:00:28]} 25. Ne2 {[%emt 0:03:30]} Qh6 {[%emt 0:00:37]} 26. Qb3 {[%emt 0:03:30]} Rae8 {[%emt 0:00:31]} 27. Qg3 {[%emt 0:03:30]} Ne5 {[%emt 0:00:29]} 28. Be3 {[%emt 0:02:30]} Qh5 {[%emt 0:00:27]} 29. Nf4 {[%emt 0:00:30]} Qf5 {[%emt 0:00:19]} 30. Nxe6 {[%emt 0:00:30]} Qxe6 {[%emt 0:00:27]} 31. Bd4 {[%emt 0:00:30]} Qxc4 {[%emt 0:00:41]} 32. Rxe4 {[%emt 0:02:30]} Rd8 {[%emt 0:00:29]} 33. Rxe5 {[%emt 0:02:30]} Rxd4 {[%emt 0:00:38]} 34. Rxd4 {[%emt 0:00:00]} 1-0

[Event "TUR-chT Superleague 2018"]
[Site "Ankara"]
[Date "2018.07.29"]
[Round "6"]
[White "Ertan, Can"]
[Black "Solak, Dragan"]
[Result "0-1"]
[WhiteElo "2379"]
[BlackElo "2603"]
[Annotator "TA"]
[PlyCount "56"]
[EventDate "2018.07.25"]
[EventType "team-tourn"]
[EventCountry "TUR"]
[SourceTitle "playchess.com"]
[Source "ChessBase"]
[SourceQuality "1"]

{[%evp 13,56,10,11,13,20,15,14,0,2,0,0,0,42,0,83,84,106,70,79,26,28,40,88,35,29,-37,-49,-39,-28,-183,-182,-194,0,-736,-677,-5218,-1269,-29992,-29993,-29993,-29994,-29994,-29995,-29995,-471]} 1. e4 c6 2. d4 d5 3. e5 Bf5 4. Nf3 e6 5. Be2 Ne7 6. O-O Nd7 7. Re1 {B12: Caro-Kann (Vorstoß-Variante)} (7. Nbd2 c5 8. dxc5 Nc6 9. Nb3 Bxc5 10. Nxc5 Nxc5 11. Nd4 Bg6 12. Nxc6 bxc6 13. Be3 Nd7 14. f4 c5 15. c4 d4 {0-1 (38) Vachier Lagrave,M (2789)-Mamedyarov,S (2808) Stavanger 2018}) 7... Bg6 {LiveBook: 4 Partien} 8. a4 {[%cal Ba2a4,Ba4a5][%mdl 32]} Nf5 9. a5 {Die Stellung ist ausgeglichen.} Be7 $146 ({Vorgänger:} 9... a6 10. c4 Bb4 11. Bd2 Bxd2 12. Qxd2 O-O 13. cxd5 cxd5 14. Qb4 Rb8 {½-½ (48) Fraas,M (2240)-Miller,E (2254) Haifa 2010}) 10. Nbd2 O-O 11. c4 dxc4 12. Nxc4 Nb8 13. Qb3 Qd7 ({Aber nicht} 13... Nxd4 $2 14. Nxd4 Na6 15. Rd1 $18 (15. Qxb7 Nc5 $16)) (13... Na6 $1 $11) 14. g4 $16 Nh6 15. h3 Na6 16. Bg5 (16. Rd1 $16) 16... Bxg5 $11 17. Nxg5 Qxd4 18. Rad1 (18. Qxb7 $16 Nc5 19. Qxc6) 18... Qf4 $1 $14 {[%cal Rf4g5]} 19. Qxb7 ({Lieber} 19. Nf3 $11) 19... Qxg5 $15 20. Qxa6 Be4 21. Rd7 $2 {[#]} (21. Nd2 $11 {und Weiss ist OK.} Bd5 22. Nf3) 21... f5 $1 $19 {[%cal Rf5g4]} 22. exf6 Rxf6 $2 (22... Qxf6 $19 {[%csl Gf8][%cal Rf6f2]} 23. Rf1 Nf7) 23. Rxa7 $2 {[%mdl 8192]} (23. Nd6 $11 Bd5 24. Rf1 (24. Rxa7 $2 Raf8 $19)) 23... Raf8 24. Ra8 {Und Txf8+ würde nun gewinnen.} Rxf2 (24... Qh4 $142 25. Bf3 Nxg4) 25. Bf1 {[#]} Nxg4 $1 {[%mdl 512] Schwarz setzt Matt.} 26. Rxf8+ (26. hxg4 Qxg4+) 26... Rxf8 27. Rxe4 Ne3+ 28. Rg4 Rxf1+ {Precision: Weiß = 29%, Schwarz = 62%.} 0-1

[Event "TUR-chT Superleague 2018"]
[Site "Ankara"]
[Date "2018.07.29"]
[Round "6"]
[White "Mamedjarova, Zeinab"]
[Black "Sahin, Hayrun Nisa"]
[Result "1-0"]
[WhiteElo "2345"]
[BlackElo "1736"]
[Annotator "NA"]
[PlyCount "63"]
[EventDate "2018.07.25"]
[EventType "team-tourn"]
[EventCountry "TUR"]
[SourceTitle "playchess.com"]
[Source "ChessBase"]
[SourceQuality "1"]
[TimeControl "40/5400+30:1800+30"]

1. d4 Nf6 2. Nf3 g6 {[%emt 0:11:30]} 3. Nbd2 {[%emt 0:06:30]} Bg7 {[%emt 0:00:30]} 4. e4 {[%emt 0:00:30]} d6 {[%emt 0:00:30]} 5. Bc4 {[%emt 0:00:30]} O-O {[%emt 0:00:30]} 6. Bb3 {[%emt 0:00:30]} c5 {[%emt 0:00:30]} 7. dxc5 {[%emt 0:00:30]} dxc5 {[%emt 0:00:30]} 8. O-O {[%emt 0:00:30]} Nc6 {[%emt 0:00:30]} 9. c3 {[%emt 0:00:30]} Qc7 {[%emt 0:03:30]} 10. Re1 {[%emt 0:10:30]} e6 {[%emt 0:07:30]} 11. a4 {[%emt 0:02:30]} b6 {[%emt 0:01:30]} 12. Qe2 {[%emt 0:04:30]} Rd8 {[%emt 0:04:30]} 13. h3 {[%emt 0:03:30]} Bb7 {[%emt 0:01:30]} 14. Bc2 {[%emt 0:16:30]} Rd7 {[%emt 0:08:30]} 15. Nf1 {[%emt 0:04:30]} Rad8 {[%emt 0:09:30]} 16. Bg5 {[%emt 0:02:30]} h6 {[%emt 0:02:30]} 17. Bh4 {[%emt 0:02:30]} g5 {[%emt 0:00:00]} 18. Bg3 {[%emt 0:02:30]} Qc8 {[%emt 0:00:00]} 19. e5 {[%emt 0:03:30]} Ba6 {[%emt 0:01:30]} 20. Qe3 {[%emt 0:02:30]} Nh7 {[%emt 0:03:30]} 21. Bxh7+ {[%emt 0:11:30]} Kxh7 {[%emt 0:00:00]} 22. h4 {[%emt 0:00:30]} gxh4 {[%emt 0:03:00]} 23. Bxh4 {[%emt 0:00:00]} Rg8 {[%emt 0:02:30]} 24. Rad1 {[%emt 0:03:00]} Na5 {[%emt 0:03:30]} 25. Qe4+ {[%emt 0:04:24]} Kh8 {[%emt 0:00:30]} 26. Qf4 {[%emt 0:00:00]} Nc4 {[%emt 0:10:30]} 27. Bf6 {[%emt 0:00:24]} Kh7 {[%emt 0:01:30]} 28. Qe4+ {[%emt 0:00:05]} Kh8 {[%emt 0:00:00]} 29. Qh4 {[%emt 0:00:02]} Kh7 {[%emt 0:02:00]} 30. Ng5+ {[%emt 0:00:30]} Kg6 {[%emt 0:00:30]} 31. Qe4+ {[%emt 0:00:05]} Kh5 {[%emt 0:00:30]} 32. Ng3# {[%emt 0:00:30]} 1-0

[Event "TUR-chT Superleague 2018"]
[Site "Ankara"]
[Date "2018.07.29"]
[Round "6"]
[White "Buksa, Nataliya"]
[Black "Badelka, Olga"]
[Result "1/2-1/2"]
[WhiteElo "2337"]
[BlackElo "2407"]
[Annotator "NA"]
[PlyCount "83"]
[EventDate "2018.07.25"]
[EventType "team-tourn"]
[EventCountry "TUR"]
[SourceTitle "playchess.com"]
[Source "ChessBase"]
[SourceQuality "1"]
[TimeControl "40/5400+30:1800+30"]

1. e4 c5 2. Nf3 Nc6 3. Bb5 e6 4. O-O Nge7 5. d4 cxd4 6. Nxd4 {[%emt 0:13:00]} Ng6 {[%emt 0:05:30]} 7. Be3 {[%emt 0:00:30]} Be7 {[%emt 0:00:30]} 8. Be2 {[%emt 0:00:30]} O-O {[%emt 0:00:30]} 9. c4 {[%emt 0:00:30]} Nxd4 {[%emt 0:00:30]} 10. Qxd4 {[%emt 0:00:30]} d6 {[%emt 0:00:30]} 11. Nc3 {[%emt 0:00:30]} Bd7 {[%emt 0:00:30]} 12. Rfd1 {[%emt 0:00:30]} Bc6 {[%emt 0:06:30]} 13. Qd2 {[%emt 0:04:30]} Bf6 {[%emt 0:07:30]} 14. Qxd6 {[%emt 0:39:30]} Qxd6 {[%emt 0:00:30]} 15. Rxd6 {[%emt 0:01:30]} Bxc3 {[%emt 0:00:30]} 16. bxc3 {[%emt 0:00:30]} Bxe4 {[%emt 0:00:00]} 17. f3 {[%emt 0:00:00]} Bc6 {[%emt 0:00:00]} 18. a4 {[%emt 0:00:00]} a6 {[%emt 0:02:30]} 19. Bb6 {[%emt 0:01:30]} Rac8 {[%emt 0:08:30]} 20. a5 {[%emt 0:01:30]} Rfe8 {[%emt 0:02:30]} 21. Kf2 {[%emt 0:00:30]} h5 {[%emt 0:05:30]} 22. g3 {[%emt 0:04:30]} e5 {[%emt 0:01:30]} 23. Rad1 {[%emt 0:03:30]} h4 {[%emt 0:01:30]} 24. Bd3 {[%emt 0:03:30]} hxg3+ {[%emt 0:01:30]} 25. hxg3 {[%emt 0:00:30]} e4 {[%emt 0:06:30]} 26. Bxe4 {[%emt 0:00:30]} Bxe4 {[%emt 0:00:30]} 27. fxe4 {[%emt 0:00:00]} Rxc4 {[%emt 0:02:30]} 28. R1d4 {[%emt 0:01:00]} Rxc3 {[%emt 0:06:30]} 29. Rd8 {[%emt 0:00:00]} Rc8 {[%emt 0:06:30]} 30. Rxc8 {[%emt 0:00:00]} Rxc8 {[%emt 0:00:00]} 31. Rd7 {[%emt 0:00:30]} Rc2+ {[%emt 0:09:00]} 32. Kf1 {[%emt 0:00:30]} Ne5 {[%emt 0:01:30]} 33. Rxb7 {[%emt 0:00:00]} Nc6 {[%emt 0:10:14]} 34. Rc7 {[%emt 0:00:00]} f6 {[%emt 0:00:20]} 35. Ke1 {[%emt 0:00:30]} Rc4 {[%emt 0:01:14]} 36. Kd2 {[%emt 0:01:30]} Kh7 {[%emt 0:00:33]} 37. Ke3 {[%emt 0:09:36]} Kg6 {[%emt 0:00:11]} 38. Kf2 {[%emt 0:06:24]} Rc2+ {[%emt 0:01:40]} 39. Ke3 {[%emt 0:00:25]} Rc4 {[%emt 0:00:30]} 40. Kf2 {[%emt 0:00:00]} Rc2+ {[%emt 0:00:18]} 41. Ke3 {[%emt 0:01:05]} Rc4 {[%emt 0:00:30]} 42. Kf2 {[%emt 0:05:30]} 1/2-1/2

[Event "TUR-chT Superleague 2018"]
[Site "Ankara"]
[Date "2018.07.29"]
[Round "6"]
[White "Ozturk, Kubra"]
[Black "Unuk, Laura"]
[Result "1-0"]
[WhiteElo "2330"]
[BlackElo "2355"]
[Annotator "NA"]
[PlyCount "101"]
[EventDate "2018.07.25"]
[EventType "team-tourn"]
[EventCountry "TUR"]
[SourceTitle "playchess.com"]
[Source "ChessBase"]
[SourceQuality "1"]
[TimeControl "40/5400+30:1800+30"]

1. d4 Nf6 2. c4 e6 3. Nf3 d5 4. Nc3 Be7 5. Bf4 O-O 6. e3 c6 7. Bd3 Nbd7 8. c5 Nh5 9. b4 Re8 10. O-O Nf8 11. Ne5 Nxf4 12. exf4 f6 13. Nf3 b6 14. Re1 bxc5 15. bxc5 Qa5 16. Qd2 Ba6 17. Bc2 Qc7 18. g3 Bd8 19. Re3 Qd7 20. Ne2 Bc7 21. Nc1 Ng6 22. Bxg6 hxg6 23. Nb3 Kf7 24. Rae1 Rh8 25. Qc2 Rh6 26. Rxe6 Qxe6 27. Ng5+ fxg5 28. Rxe6 Kxe6 29. fxg5 Kf7 30. gxh6 gxh6 31. h4 Re8 32. h5 Re1+ 33. Kg2 Bf1+ 34. Kh2 Re6 35. hxg6+ Kf6 36. Nc1 Bb5 37. Kg2 Re4 38. f3 Re7 39. g4 Kg7 40. Qf5 Ba5 {[%emt 1:49:30]} 41. Nd3 {[%emt 1:55:30]} Bd2 {[%emt 0:03:30]} 42. Nf4 {[%emt 0:03:30]} Bxf4 {[%emt 0:00:30]} 43. Qxf4 {[%emt 0:00:30]} Re2+ {[%emt 0:00:00]} 44. Kg3 {[%emt 0:00:30]} Kxg6 {[%emt 0:00:00]} 45. Qf5+ {[%emt 0:01:30]} Kg7 {[%emt 0:00:30]} 46. Qd7+ {[%emt 0:00:00]} Kg6 {[%emt 0:00:30]} 47. f4 {[%emt 0:02:00]} Re3+ {[%emt 0:03:30]} 48. Kh4 {[%emt 0:00:30]} Bf1 {[%emt 0:00:30]} 49. f5+ {[%emt 0:00:30]} Kf6 {[%emt 0:00:30]} 50. Qxc6+ {[%emt 0:00:45]} Ke7 {[%emt 0:00:00]} 51. Kh5 {[%emt 0:03:55]} 1-0

[Event "TUR-chT Superleague 2018"]
[Site "Ankara"]
[Date "2018.07.29"]
[Round "6"]
[White "Sari, Yasin"]
[Black "Kilic, Efe Mert"]
[Result "1/2-1/2"]
[WhiteElo "2330"]
[BlackElo "2317"]
[Annotator "NA"]
[PlyCount "97"]
[EventDate "2018.07.25"]
[EventType "team-tourn"]
[EventCountry "TUR"]
[SourceTitle "playchess.com"]
[Source "ChessBase"]
[SourceQuality "1"]
[TimeControl "40/5400+30:1800+30"]

1. Nf3 g6 2. e4 Bg7 3. d4 d6 4. Bd3 Nf6 5. O-O O-O 6. c3 Nc6 7. Be3 e5 8. Nbd2 b6 9. Re1 exd4 10. cxd4 Nb4 11. Bf1 c5 12. a3 Nc6 13. d5 Ne7 14. h3 a6 15. b4 h6 16. bxc5 bxc5 17. Rb1 g5 18. Qb3 Ng6 19. e5 dxe5 20. Bxc5 Re8 21. Bc4 Bf5 22. d6 Qd7 23. Rbd1 Rab8 24. Qa2 Rbc8 25. Be3 Be6 26. Bxe6 Qxe6 27. Qxe6 Rxe6 28. Rc1 Rxc1 29. Rxc1 Rxd6 30. Rc8+ Kh7 31. Nc4 Rd1+ 32. Kh2 Nd5 33. Ra8 e4 34. Nfd2 Nxe3 35. fxe3 Ne5 36. Rxa6 f5 37. Re6 Nxc4 38. Nxc4 Rc1 {[%emt 1:20:30]} 39. Nb6 {[%emt 1:22:30]} Rc3 {[%emt 0:00:30]} 40. a4 {[%emt 0:00:30]} Rxe3 {[%emt 0:30:30]} 41. Nd5 {[%emt 0:30:30]} Re1 {[%emt 0:04:30]} 42. Ne7 {[%emt 0:06:30]} Rf1 {[%emt 0:04:30]} 43. g4 {[%emt 0:02:56]} fxg4 {[%emt 0:01:30]} 44. hxg4 {[%emt 0:02:25]} Rf2+ {[%emt 0:07:06]} 45. Kh3 {[%emt 0:02:09]} Rf3+ {[%emt 0:00:18]} 46. Kg2 {[%emt 0:00:38]} Rf4 {[%emt 0:01:49]} 47. Kh3 {[%emt 0:00:28]} Rf3+ {[%emt 0:03:20]} 48. Kg2 {[%emt 0:00:43]} Rf4 {[%emt 0:00:19]} 49. Kh3 {[%emt 0:00:00]} 1/2-1/2

[Event "TUR-chT Superleague 2018"]
[Site "Ankara"]
[Date "2018.07.29"]
[Round "6"]
[White "Yildiz Kadioglu, Betul Cemre"]
[Black "Savina, Anastasia"]
[Result "1-0"]
[WhiteElo "2323"]
[BlackElo "2342"]
[Annotator "NA"]
[PlyCount "115"]
[EventDate "2018.07.25"]
[EventType "team-tourn"]
[EventCountry "TUR"]
[SourceTitle "playchess.com"]
[Source "ChessBase"]
[SourceQuality "1"]
[TimeControl "40/5400+30:1800+30"]

1. e4 e5 2. Nf3 Nc6 3. Bc4 Bc5 4. d3 Nf6 5. Nc3 a6 6. Nd5 h6 7. c3 d6 8. b4 Ba7 9. Be3 Nxd5 10. Bxd5 Ne7 11. Bb3 O-O 12. Qd2 Bxe3 13. fxe3 a5 14. b5 a4 15. Bc2 c6 16. bxc6 bxc6 17. O-O Be6 18. Rfb1 Qc7 19. d4 c5 20. d5 Bd7 21. Nxe5 dxe5 22. d6 Qc6 23. dxe7 Rfe8 24. Qd5 Ra7 25. Qxe5 Be6 26. Bd3 Rexe7 27. Rb8+ Kh7 28. Qf4 Rab7 29. e5+ g6 30. Rf8 Rb2 31. Be4 Bd5 32. Rf1 Qe6 33. Rd1 Bxe4 34. Qxe4 Qf5 35. Qd5 Rb1 36. Rxb1 Qxb1+ 37. Kf2 {[%emt 1:21:30]} Qf5+ {[%emt 1:19:00]} 38. Qf3 {[%emt 0:00:30]} Rb7 {[%emt 0:00:30]} 39. Qxf5 {[%emt 0:00:30]} gxf5 {[%emt 0:00:30]} 40. Kf3 {[%emt 0:00:30]} Kg6 {[%emt 0:30:30]} 41. Rg8+ {[%emt 0:30:30]} Kh7 {[%emt 0:00:30]} 42. Ra8 {[%emt 0:00:30]} Rb2 {[%emt 0:00:30]} 43. Rxa4 {[%emt 0:00:30]} Rc2 {[%emt 0:00:30]} 44. Rc4 {[%emt 0:00:30]} Rxa2 {[%emt 0:00:30]} 45. Rxc5 {[%emt 0:00:00]} Rc2 {[%emt 0:02:30]} 46. Rc8 {[%emt 0:00:00]} Kg6 {[%emt 0:02:30]} 47. c4 {[%emt 0:00:30]} h5 {[%emt 0:00:30]} 48. c5 {[%emt 0:02:30]} h4 {[%emt 0:07:08]} 49. h3 {[%emt 0:05:30]} Kg7 {[%emt 0:05:35]} 50. c6 {[%emt 0:01:30]} Rc4 {[%emt 0:00:17]} 51. g3 {[%emt 0:01:32]} hxg3 {[%emt 0:01:16]} 52. Kxg3 {[%emt 0:01:40]} Re4 {[%emt 0:00:17]} 53. c7 {[%emt 0:01:29]} Rxe3+ {[%emt 0:02:50]} 54. Kf4 {[%emt 0:00:30]} Rc3 {[%emt 0:00:00]} 55. Kxf5 {[%emt 0:00:00]} Rc5 {[%emt 0:01:59]} 56. Ke4 {[%emt 0:00:15]} Rc1 {[%emt 0:00:35]} 57. h4 {[%emt 0:01:10]} Re1+ {[%emt 0:02:42]} 58. Kd5 {[%emt 0:01:02]} 1-0

[Event "TUR-chT Superleague 2018"]
[Site "Ankara"]
[Date "2018.07.29"]
[Round "6"]
[White "Yaran, Siar"]
[Black "Asadli, Vugar"]
[Result "0-1"]
[WhiteElo "2261"]
[BlackElo "2478"]
[Annotator "TA"]
[PlyCount "124"]
[EventDate "2018.07.25"]
[EventType "team-tourn"]
[EventCountry "TUR"]
[SourceTitle "playchess.com"]
[Source "ChessBase"]
[SourceQuality "1"]

{[%evp 16,124,0,2,0,6,12,-14,-16,-29,-16,-39,-27,-29,-27,-43,-51,-54,-43,-64,-62,-68,-64,-75,-74,-167,-170,-154,-154,-189,-194,-202,-189,-204,-191,-259,-258,-302,-303,-286,-275,-247,-252,-270,-180,-260,-235,-337,-311,-300,-252,-356,-339,-391,-389,-363,-263,-260,-260,-260,-259,-244,-172,-161,-49,-40,-48,-41,-46,-73,-41,-88,-66,-172,-201,-345,-308,-356,-349,-522,-558,-508,-494,-1365,-874,-1002,-939,-2452,-2728,-12834,-12834,-12835,-12835,-12835,-12836,-12836,-12837,-12837,-12837,-12841,-12837,-12837,-12837,-12838,-12839,-12839,-12839,-12842,-12843,-12844,-12843]} 1. e4 d6 2. d4 g6 3. Nf3 Bg7 4. c3 Nf6 5. Bd3 O-O 6. O-O Nbd7 7. h3 e5 8. dxe5 {B07: Pirc Defence: Miscellaneous Systems} dxe5 9. Be3 {LiveBook: 5 Games} b6 10. Nbd2 {The position is equal.} Bb7 11. Qe2 $146 ({Predecessor:} 11. Qc2 Qe7 12. b4 a5 {1-0 (46) Xiong,J (2588)-Li,R (2483) Dallas 2016}) 11... a5 12. Rfd1 Qe7 13. Bg5 h6 {[%cal Bh7h6,Bh6h5,Bh5h4][%mdl 32]} 14. Bxf6 Bxf6 15. Nf1 Nc5 16. Bc2 Bg7 17. Ng3 h5 18. Qe3 Rad8 19. Rxd8 Rxd8 20. Rd1 (20. Rb1 $17) 20... Rxd1+ $19 21. Bxd1 h4 22. b4 axb4 23. cxb4 Ne6 (23... hxg3 24. bxc5 Qxc5 25. Qxc5 $17) 24. Ne2 Qxb4 25. Bb3 (25. Nc3 $142) 25... Qxe4 ({Resist} 25... Bxe4 26. Bxe6 fxe6 27. Nxh4 $19) 26. Bxe6 Qxe3 ({Don't do} 26... fxe6 27. Qxe4 Bxe4 28. Nxh4 $19) 27. fxe3 fxe6 28. Nxh4 {[%mdl 4096] Endgame KBB-KNN} Kf7 29. Nf3 e4 30. Nd2 (30. Nfd4 $142) 30... Bd5 31. Nb3 (31. a4 {keeps fighting.}) 31... Ke7 32. Kf2 Kd6 33. Ke1 (33. h4 {was necessary.}) 33... c5 34. Kd2 b5 35. h4 e5 36. Nc3 Bc6 37. a3 Bf6 38. g3 Bd8 39. Kc2 b4 (39... c4 $19 40. Nd2 Kd7 41. Ndxe4 Ke6) 40. axb4 $15 cxb4 41. Na2 Ke6 42. Nxb4 Ba4 {White must now prevent ...Kf5.} 43. Kc3 {[#] Threatens to win with Nc5+.} Bb6 44. g4 ({Better is} 44. Nd2 $15) 44... Bxe3 $19 {Strongly threatening ...Bf2.} 45. h5 (45. Nd2 $142) 45... gxh5 46. gxh5 Kf5 47. Nd5 (47. Nd2 $142) 47... Bg5 {Black is clearly winning.} 48. Nc5 Bc6 49. Kc4 (49. Nb4 $142 Ba8 50. Nc2) 49... e3 50. Nc3 Bf3 51. Kd3 Bxh5 52. N5e4 Bf4 53. Nd6+ {[#]} Kg4 $1 {[%cal Rg4f3]} 54. Ke2 Kg3+ 55. Kf1 Kf3 56. Ne2 Bh2 57. Nc4 Bg4 58. Nd6 Be6 59. Ke1 Kg2 60. Ne4 Bf4 61. Nd6 Bg5 62. Nc3 Bg4 {Precision: White = 35%, Black = 80%.} 0-1

[Event "TUR-chT Superleague 2018"]
[Site "Ankara"]
[Date "2018.07.29"]
[Round "6"]
[White "Demircioglu, Emre"]
[Black "Tuncer, Tuna"]
[Result "0-1"]
[WhiteElo "2244"]
[BlackElo "2328"]
[Annotator "NA"]
[PlyCount "80"]
[EventDate "2018.07.25"]
[EventType "team-tourn"]
[EventCountry "TUR"]
[SourceTitle "playchess.com"]
[Source "ChessBase"]
[SourceQuality "1"]
[TimeControl "40/5400+30:1800+30"]

1. d4 Nf6 2. c4 g6 3. Nc3 d5 4. Bg5 Bg7 5. Nf3 Ne4 6. Bh4 Nxc3 7. bxc3 dxc4 8. e3 b5 9. Be2 O-O 10. O-O c6 11. Qc2 a6 12. Ne5 f6 13. Nf3 Qe8 14. Nd2 Bf5 15. e4 Bc8 16. a4 e5 17. d5 Bb7 18. axb5 axb5 19. Rxa8 Bxa8 20. Qa2 Nd7 21. dxc6 Nc5 22. c7 Qc6 23. Qa5 Na6 24. Rb1 Nxc7 25. f3 Bh6 26. Nf1 Bb7 27. Bf2 Rc8 28. Qb4 Ba6 29. Rd1 Bf8 30. Qb2 Bc5 31. Ne3 Ne6 32. Bf1 Rd8 33. Nd5 Kf7 34. Bxc5 Qxc5+ 35. Kh1 Bb7 36. Qd2 Nf4 37. Qe1 {[%emt 1:22:30]} Bxd5 {[%emt 1:19:00]} 38. Qh4 {[%emt 0:00:30]} Kg7 {[%emt 0:00:30]} 39. exd5 {[%emt 0:00:30]} Rxd5 {[%emt 0:00:30]} 40. Ra1 {[%emt 0:00:30]} Rd7 {[%emt 0:30:30]} 0-1

[Event "TUR-chT Superleague 2018"]
[Site "Ankara"]
[Date "2018.07.29"]
[Round "6"]
[White "Samani, Yamac"]
[Black "Gledura, Benjamin"]
[Result "0-1"]
[WhiteElo "2227"]
[BlackElo "2626"]
[Annotator "TA"]
[PlyCount "50"]
[EventDate "2018.07.25"]
[EventType "team-tourn"]
[EventCountry "TUR"]
[SourceTitle "playchess.com"]
[Source "ChessBase"]
[SourceQuality "1"]

{[%evp 18,50,10,7,25,31,22,25,20,0,0,0,0,-64,-46,-51,0,0,68,-140,-122,-115,-67,-61,-21,-272,-242,-227,-227,-204,-250,-455,-442,-682,-679]} 1. e4 e5 2. Nf3 Nc6 3. Nc3 Nf6 4. d4 exd4 5. Nxd4 Bb4 6. Nxc6 bxc6 7. Bd3 O-O 8. O-O Re8 9. Re1 {C47: Scotch Four Knights and Four Knights with 4 g3} d6 10. Bg5 {LiveBook: 8 Games} Rb8 11. a3 $146 {White has an edge.} ({Predecessor:} 11. e5 dxe5 12. Rxe5 Bg4 13. Qe1 Be6 14. Re3 h6 15. Bxf6 Qxf6 16. Bc4 Bd7 17. Rd1 Rxe3 18. Qxe3 Re8 19. Ne4 Qe7 20. Qf4 Be6 21. Bxe6 Qxe6 22. Nf6+ Qxf6 {½-½ (22) Ziatdinov,R (2354)-Kravtsiv,M (2628) New Delhi 2014}) 11... Bc5 12. Na4 {Strongly threatening e5!} h6 $1 {[%cal Rh6g5]} 13. Bxf6 Bxf2+ $1 14. Kxf2 Qxf6+ 15. Kg3 (15. Ke3 $1 $11) 15... Qe5+ $15 {[%mdl 1024] Black has compensation.} 16. Kf3 $1 h5 ({Black should play} 16... Qxh2 $15 17. Rh1 Qe5) 17. h3 $11 Re6 (17... Qf6+ $11 18. Ke3 (18. Ke2 d5 $15) 18... Qg5+ 19. Kf2 Qf6+ 20. Ke3 Qg5+ 21. Kf2 Qf6+ 22. Ke3) 18. Ke2 $2 (18. Re3 $1 $14 {is the one way to stay ahead.}) 18... Rg6 $36 {[%mdl 2048] Black is on the roll.} 19. Kd2 (19. Rg1 Ba6 $15) 19... Qf4+ 20. Kc3 $1 Rxg2 {[#] ( -> ...Qe5+)} 21. Re2 $2 {[%mdl 8192]} (21. e5 $1 $11) 21... Qe5+ (21... Bxh3 22. Rxg2 Qf6+ 23. Kd2 $11) 22. Kd2 Qg5+ ({Stronger than} 22... Bxh3 23. Rxg2 Qf4+ 24. Kc3 $11) 23. Kc3 Rxe2 ({Much less strong is} 23... Bxh3 24. Rxg2 Bxg2 25. Qg1 $17) 24. Qxe2 $2 {[#]} (24. Bxe2 Qa5+ 25. b4 Qxa4 26. Bc4) 24... Qa5+ $19 25. b4 (25. Kd4 $142 Qxa4+ 26. Ke3) 25... Qe5+ {Precision: White = 39%, Black = 65%.} ({Less strong is} 25... Qxa4 26. Qxh5 g6 27. Qg5 $17) 0-1